000 00321 a2200109 4500
001 ART_40263
005 20260410161740.0
008 260409a
245 1 0 _aPresunciones en materia de seguridad social
100 1 _aCondoleo, Roberto O.
773 0 _tDoctrina laboral
_g- NÂș 340 (dic. 2013)
_wREV4049
999 _c18685
_d18685